| 000 | 00703nam a2200217 i 4500 | ||
|---|---|---|---|
| 001 | bg | ||
| 245 | 0 | 0 |
_aMetoda radioizotopowa w badaniach trwłości narzędzi skrawających / _cZ. Banasik [et al.]. |
| 260 |
_aWarszawa : _bWydawnictwa Naukowo-Techniczne, _c1964. |
||
| 490 | 1 |
_aNowa Technika ; _vz. 48 |
|
| 650 | 9 |
_aSkrawanie _xnarzędzia i maszyny _xbadanie _xmetody |
|
| 650 | 9 |
_aIzotopy promieniotwórcze _xstosowanie |
|
| 650 | 9 | _aRadiochemia | |
| 650 | 9 | _aWytrzymałość materiałów | |
| 700 | 1 |
_aBANASIK, Z. _eRed. |
|
| 830 | _aNowa Technika ; | ||
| 040 | _cBPK | ||
| 041 | 0 | _apol | |
| 080 | _a621.9:621.039.8:544.58:539.3/.4 | ||
| 942 | _cKS | ||
| 008 | s pl f |000 0 pol | ||
| 999 |
_c10606 _d10606 |
||
| 856 |
_uhttp://koha.tu.koszalin.pl/cgi-bin/koha/opac-detail.pl?biblionumber=10606 _yKatalog online BPK |
||